[Event "Sochi"]
[Site "Sochi"]
[Date "1980.??.??"]
[Round "9"]
[White "Farago, Ivan"]
[Black "Sveshnikov, Evgeny"]
[Result "1-0"]
[WhiteElo "2505"]
[BlackElo "2570"]

1.d4 d5 2.c4 e6 3.Nc3 c6 4.e3 Nf6 5.Nf3 Nbd7 6.Bd3 dxc4 7.Bxc4 b5 8.Bd3 Bb7
9.O-O a6 10.e4 c5 11.d5 exd5 12.exd5 Be7 13.Bxb5 axb5 14.d6 Ne5 15.Nxe5 Qxd6
16.Qxd6 Bxd6 17.Re1 O-O 18.Nxb5 Bxe5 19.Rxe5 Rfd8 20.Nc3 Ne4 21.f3 Nxc3 22.bxc3 Rd1+
23.Kf2 Bd5 24.Ke2 f6 25.Rf5 Be6 26.Rxc5 Rh1 27.a4 Rxh2 28.Kf2 Rh1 29.a5 Ra6
30.Rb1 Ra8 31.Rc7 h5 32.Ra1 Rc8 33.Re7 Rxc3 34.Rxe6 Rhxc1 35.Rxc1 Rxc1 36.Re1 Rc7
37.Ra1 Kf7 38.a6 Ra7 39.Ra5 g6 40.Ke3 Ke6 41.Ke4 Kd6 42.Kd4 Kc6 43.Ra2 h4
44.Ke4 Re7+ 45.Kf4 Ra7 46.Kg4 Kb5 47.Kxh4 Rxa6 48.Rxa6 Kxa6 49.f4 Kb5 50.Kg4 Kc5
51.f5 g5 52.Kh5 Kd4 53.Kg6 Ke5 54.g4  1-0

[Event "SWE-ch"]
[Site "?"]
[Date "1980.??.??"]
[Round "?"]
[White "Runnby, Jan"]
[Black "Fridh, Anton"]
[Result "1/2-1/2"]
[WhiteElo "2200"]
[BlackElo "2200"]

1.d4 Nf6 2.c4 e6 3.Nf3 d5 4.Nc3 c6 5.e3 Be7 6.Bd3 dxc4 7.Bxc4 b5 8.Bd3 b4
9.Ne2 Nbd7 10.O-O Bb7 11.Ng3 c5 12.dxc5 O-O 13.Qe2 Nxc5 14.Bc4 Nfe4 15.Nxe4 Bxe4
16.Rd1 Qc7 17.Bd2 Qb7 18.Ne1 Bf6 19.f3 Bc6 20.Rab1 Rfd8 21.Nd3 Nxd3 22.Bxd3 a5
23.b3 Rd6 24.Be1 Rad8 25.Bg3 R6d7 26.Bc4 g6 27.Rd3 h5 28.Bf2 Bd5 29.Bxd5 Rxd5
30.Rxd5 Qxd5 31.Be1 Be5 32.Rc1 Qd6 33.g3 Kg7 34.Rc2 Qd3 35.Qxd3 Rxd3 36.Kf2 Kf6
37.Ke2 Rd7 38.f4 Bd6 39.e4 Bc7 40.Bf2 Ke7 41.Bc5+ Kd8 42.Rd2 Rxd2+ 43.Kxd2 Kd7
44.Kd3 Kc6 45.Kc4 h4 46.Be3 h3 47.e5  1/2-1/2

[Event "SWE-ch"]
[Site "?"]
[Date "1980.??.??"]
[Round "?"]
[White "Akesson, Ralf"]
[Black "Bjork, Carl Magnus"]
[Result "0-1"]
[WhiteElo "2230"]
[BlackElo "2350"]

1.c4 e6 2.Nc3 d5 3.d4 c6 4.e3 Nf6 5.Nf3 Nbd7 6.Qc2 Bd6 7.Bd2 O-O 8.O-O-O c5
9.e4 cxd4 10.Nxd4 dxe4 11.Nxe4 Nxe4 12.Qxe4 Nc5 13.Qe3 Qe7 14.b4 Nd7 15.c5 Be5
16.Nb3 Re8 17.Bb5 Bf6 18.g4 g6 19.h4 a6 20.Be2 Nf8 21.Bf3 e5 22.g5 Bg7 23.Be4 Be6
24.Na5 Rab8 25.Bc3 Bxa2 26.Rd6 Be6 27.Rb6 Bd7 28.Rxb7 Rxb7 29.Nxb7 Ne6 30.c6 Bc8
31.Qb6 Nd4 32.Qxa6 Qe6 33.Qa4 Qc4 34.Kb2 Ne2 35.Rc1 Qxe4 36.Nd6 Qf4 37.Rc2 Nxc3
38.Rxc3 Rf8 39.Nxc8 Rxc8 40.c7 e4  0-1

[Event "Villa Gesell"]
[Site "Villa Gesell"]
[Date "1980.??.??"]
[Round "?"]
[White "Guimard, Carlos E"]
[Black "Foguelman, Alberto"]
[Result "1/2-1/2"]
[WhiteElo "2405"]
[BlackElo "2315"]

1.d4 Nf6 2.Nf3 d5 3.c4 c6 4.e3 e6 5.Nc3 Nbd7 6.Bd3 dxc4 7.Bxc4 b5 8.Bd3 a6
9.O-O c5 10.Qe2 Bb7 11.a4 b4 12.Nb1 Be7 13.Rd1 cxd4 14.exd4 Nd5 15.a5 N7f6
16.Be3 Nh5 17.g3 Nhf6 18.Nbd2 O-O 19.Rac1 Ra7 20.Ne5 Qa8 21.Ndc4 Qd8 22.Nb6 Qd6
23.Nec4 Qb8 24.Bg5 Rd8 25.Ne5 Qd6 26.Nbc4 Qb8 27.Re1 Ba8 28.Nxf7 Kxf7 29.Qxe6+ Kf8
30.Bxh7 Qc8 31.Bg6 Qxe6 32.Rxe6 Nc7 33.Rb6 Nb5 34.Be3 Nd5 35.h4 Bb7 36.h5 Nxb6
37.axb6 Raa8 38.Na5 Bd5 39.Re1 Bf6 40.h6 gxh6 41.Bxh6+ Kg8 42.b7 Ra7 43.Be4 Bxe4
44.Rxe4 Rb8 45.d5 Bxb2 46.Rxb4 Bc3 47.Rg4+ Kf7 48.Bf4 Rbxb7 49.Nxb7 Rxb7
50.Rh4 a5 51.Be3 Kf6 52.Kf1 Ke5 53.Ke2 Kxd5 54.Kd3 Bb4 55.Kc2 Na3+ 56.Kb3 Nb5
57.Kc2 Nd6 58.Rd4+ Kc6 59.g4 Bc5 60.Rd3 Bxe3 61.Rxe3 a4 62.g5 Nc4 63.Rg3 a3
64.Rg1 Rb2+ 65.Kc3 Nd2 66.Ra1 Nb1+ 67.Kd4 Kd6 68.f4 Ke6 69.Ke4 Rb4+ 70.Kd3 Rb2
71.Ke4 Nc3+ 72.Kd3 Nb1  1/2-1/2

[Event "Yerevan"]
[Site "Yerevan"]
[Date "1980.??.??"]
[Round "14"]
[White "Grigorian, Karen Ashotovich"]
[Black "Dobosz, Henryk"]
[Result "1-0"]
[WhiteElo "2475"]
[BlackElo "2385"]

1.d4 d5 2.c4 c6 3.Nf3 Nf6 4.Nc3 e6 5.e3 Nbd7 6.Bd3 dxc4 7.Bxc4 b5 8.Bd3 Bb7
9.O-O b4 10.Ne4 Be7 11.Nxf6+ Nxf6 12.e4 O-O 13.e5 Nd7 14.Be4 Qb6 15.Bg5 Bxg5
16.Bxh7+ Kxh7 17.Nxg5+ Kg6 18.Qg4 f5 19.Qg3 Rh8 20.Nxe6+ Kf7 21.Qb3 Ke7 22.Nxg7 Rag8
23.Nxf5+ Kd8 24.Nd6 Kc7 25.Rac1 Kb8 26.Nxb7 Qxb7 27.Qf3 Rg6 28.Rfe1 Nb6 29.e6 Qc7
30.g3 Rc8 31.e7 Qd7 32.Re5 Nd5 33.Qxd5  1-0

[Event "ITA-ch40"]
[Site "Napoli"]
[Date "1981.03.22"]
[Round "9"]
[White "Sartori, Spartaco"]
[Black "Rupeni, Franco"]
[Result "0-1"]
[WhiteElo "2275"]
[BlackElo "2205"]

1.c4 Nf6 2.Nc3 c6 3.d4 d5 4.e3 e6 5.Nf3 Nbd7 6.Bd3 Be7 7.O-O O-O 8.b3 a6
9.Bb2 dxc4 10.bxc4 b5 11.e4 bxc4 12.Bxc4 Nb6 13.Bd3 c5 14.dxc5 Bxc5 15.e5 Nfd7
16.Nd2 Qh4 17.Nce4 Bb7 18.Nf3 Qh5 19.Qd2 Na4 20.Ng3 Qh6 21.Bxh7+ Kxh7 22.Qxd7 Bxf3
23.Qxa4 Qd2 24.Ba3 Bxa3 25.Qxa3 Bd5 26.Rfe1 Rfc8 27.Re2 Qd4 28.Rae1 Ra7 29.Qd6 Rac7
30.Re4 Qd2 31.R4e2 Qd4 32.h3 Rc6 33.Qe7 Qf4 34.Qa3 R8c7 35.Qb2 Rc3 36.Ne4 Rc1
37.Qd4 R7c4 38.Qd2 Rxe1+  0-1

[Event "ITA-ch40"]
[Site "Napoli"]
[Date "1981.03.22"]
[Round "9"]
[White "Iannacone, Ernesto"]
[Black "Passerotti, Pierluigi"]
[Result "0-1"]
[WhiteElo "2270"]
[BlackElo "2320"]

1.Nf3 d5 2.d4 e6 3.c4 c6 4.Nc3 Nf6 5.e3 Nbd7 6.Bd3 dxc4 7.Bxc4 b5 8.Bd3 b4
9.Ne4 Be7 10.Nxf6+ Nxf6 11.e4 Bb7 12.Qe2 Rc8 13.O-O O-O 14.Bg5 c5 15.dxc5 Rxc5
16.Rac1 Nd7 17.Bxe7 Qxe7 18.Nd2 Rfc8 19.Nb3 Rxc1 20.Rxc1 Rxc1+ 21.Nxc1 Nc5
22.Qe3 Qd6 23.e5 Qd5 24.Bf1 h6 25.Nb3 Nxb3 26.axb3 a5 27.Qb6 g6 28.f3 Kg7
29.h3 Ba8 30.Qa7 Bc6 31.Qb6 Ba8 32.Qb8 Qc5+ 33.Kh2 Bc6 34.Qc7 Qc1 35.Bc4 Bd5
36.h4 a4 37.Qd8 Qf4+ 38.Kh3 Qf5+ 39.Kh2 Qxe5+ 40.Kh3 Qf5+  0-1

[Event "AUT-ch"]
[Site "AUT"]
[Date "1981.??.??"]
[Round "8"]
[White "Danner, Georg"]
[Black "Roehrl, Karl"]
[Result "1/2-1/2"]
[WhiteElo "2410"]
[BlackElo "2320"]

1.d4 d5 2.c4 c6 3.Nf3 Nf6 4.e3 e6 5.Nc3 Nbd7 6.Bd3 Be7 7.b3 O-O 8.O-O b6
9.Bb2 Bb7 10.Qe2 dxc4 11.bxc4 c5 12.Rad1 Qc7 13.d5 exd5 14.cxd5 a6 15.Nh4 g6
16.f4 b5 17.d6 Bxd6 18.Bxb5 axb5 19.Nxb5 Qb8 20.Nxd6 Ba6 21.Qf2 Bxf1 22.Nhf5 Rd8
23.Ne7+ Kf8 24.Nc6 Qb6 25.Nxd8 Rxd8 26.Kxf1 Ng4 27.Qe2 Nxe3+ 28.Qxe3 Qxb2
29.Nc4 Qb5 30.Qc3 Kg8 31.Kg1 Re8 32.Nd6 Qe2 33.Nxe8 Qxd1+ 34.Kf2 Kf8 35.Nc7 Qd6
36.Qh8+ Ke7 37.Qe8+ Kf6 38.Qd8+ Kf5 39.Ke2 c4 40.Qg5+ Ke4 41.Qa5 Nb6 42.Qe5+ Qxe5
43.fxe5 Kxe5 44.Nb5 Na4 45.Kd2 f5 46.Nc3 Nc5 47.Ne2 g5 48.Kc3 Kd5 49.g3 h6
50.h4 Ne6 51.hxg5 hxg5 52.a4 Kc5 53.a5 Nc7 54.Ng1 Nd5+ 55.Kd2 Kb5 56.Nf3 Kxa5
57.Nxg5 Kb4 58.Ne6 Nf6 59.Ke3 Nh5 60.Kf3 c3 61.Nd4 Ng7 62.Ke2 Ka3 63.Kf3 Ne6
64.Nc2+ Kb2 65.Ne3 Kb1 66.Nc4 Kc2 67.Ke2 Kb3 68.Na5+ Kb4 69.Nc6+ Kc4 70.Ne5+ Kb3
71.Nd3 Kc4 72.Ne5+ Kb3 73.Nd3 c2 74.Kd2 Nd4 75.Nc5+ Kb4 76.Nd3+ Kc4 77.Ne1 Kd5
78.Ng2 Ke5 79.Ne3 Ke4 80.Nc4 Kf3 81.Nd6 Kg4 82.Kc1 Kg5 83.Kd2 Kf6 84.Nc4 Ke6
85.Ne3 Ke5 86.Nc4+ Kd5 87.Ne3+ Ke6 88.Nc4 Ne2 89.Kxc2  1/2-1/2

[Event "Bangalore"]
[Site "Bangalore"]
[Date "1981.??.??"]
[Round "5"]
[White "Prasad, Devaki V"]
[Black "Torre, Eugenio"]
[Result "0-1"]
[WhiteElo "2300"]
[BlackElo "2525"]

1.d4 d5 2.c4 c6 3.Nf3 Nf6 4.Nc3 e6 5.e3 Nbd7 6.Bd3 dxc4 7.Bxc4 b5 8.Bd3 a6
9.O-O c5 10.b3 Bb7 11.Bb2 Be7 12.Rc1 O-O 13.Qe2 Rc8 14.Rfd1 Qb6 15.Bb1 Rfd8
16.Ne5 cxd4 17.exd4 Rc7 18.Ne4 Bxe4 19.Bxe4 Nxe4 20.Qxe4 Nxe5 21.Qxe5 Rcd7
22.Rd3 Bf6 23.Qe4 Rd5 24.b4 h5 25.Rc5 Be7 26.Rxd5 Rxd5 27.a3 Bf6 28.h3 a5
29.bxa5 Qxa5 30.Rb3 Qd2 31.Qe3 Qd1+ 32.Kh2 h4 33.Qf3 Qc2 34.Rb4 Be7  0-1

[Event "Banja Luka"]
[Site "Banja Luka"]
[Date "1981.??.??"]
[Round "?"]
[White "Farago, Ivan"]
[Black "Mihaljcisin, Mihajlo"]
[Result "1/2-1/2"]
[WhiteElo "2535"]
[BlackElo "2325"]

1.d4 Nf6 2.c4 e6 3.Nc3 d5 4.Nf3 c6 5.e3 Nbd7 6.Bd3 dxc4 7.Bxc4 b5 8.Bd3 b4
9.Ne4 Be7 10.O-O Bb7 11.Nxf6+ Nxf6 12.e4 Nd7 13.Qe2 c5 14.dxc5 O-O 15.c6 Bxc6
16.Be3 Bc5 17.Rac1 Bxe3 18.Qxe3 Bb7 19.Rfd1 Qb6 20.Qxb6 axb6 21.Bb1 Nc5 22.Rc4 Rfd8
23.Re1 Na6 24.Rec1 g6 25.b3 Kf8 26.Kf1 Rd7 27.Rd4 Rxd4 28.Nxd4 Rd8 29.Nf3 Nc5
30.Ne5 f6 31.Nc4 Nxe4 32.Bxe4 Bxe4 33.Nxb6 Rd2 34.f3 Bd3+ 35.Kg1 Rxa2 36.Rc7 g5
37.Rb7 Bc2 38.Nd7+ Ke7 39.Nb8+ Kd6 40.Rxb4 Rb2 41.Rd4+  1/2-1/2

[Event "Bochum"]
[Site "Bochum"]
[Date "1981.??.??"]
[Round "?"]
[White "Garcia Gonzales, Guillermo"]
[Black "Hermann, M."]
[Result "1-0"]
[WhiteElo "2520"]
[BlackElo "2390"]

1.d4 d5 2.Nf3 Nf6 3.c4 c6 4.Nc3 e6 5.e3 Nbd7 6.Qc2 Bd6 7.Bd3 O-O 8.e4 dxc4
9.Bxc4 e5 10.Be3 Qc7 11.h3 b5 12.Be2 a6 13.O-O Re8 14.Rac1 Bb7 15.Rfd1 Rac8
16.dxe5 Nxe5 17.Nd4 Ng6 18.Bf3 Bh2+ 19.Kh1 Be5 20.Nf5 Ne7 21.Nxe7+ Qxe7 22.Ne2 Bb8
23.Bc5 Qe5 24.Ng3 Rcd8 25.Bb6 Rd7 26.b4 h5 27.Bxh5 Rxd1+ 28.Bxd1 c5 29.Qxc5 Nxe4
30.Qxe5 Bxe5 31.Nxe4 Bxe4 32.Bb3 Bf4 33.Rd1 Bc6 34.Kg1 Re2 35.Kf1 Re8 36.g3 Be5
37.f4 Bf6 38.Kf2 Be7 39.a3 Bf6 40.Bd4 Be7 41.Rc1 Rc8 42.Bd5 Bd7 43.Rxc8+ Bxc8
44.g4 Kf8 45.Ke3 Bh4 46.Bc6 g6 47.Bc5+ Kg7 48.Bd6 Kh6 49.Bd5 Kg7 50.Bc7 f6
51.Bb6 Kf8 52.Bc5+ Kg7 53.Kf3 g5 54.Bf2 Bxf2 55.Kxf2 Kf8 56.Kg3 Ke7 57.h4 gxh4+
58.Kxh4 Kd6 59.Bf3 Be6 60.Kg3 Bc8 61.Kf2 Be6 62.Ke3 Bd7 63.Kd4 Bc8 64.g5 fxg5
65.fxg5 Bf5 66.Bb7 Kc7 67.Be4 Be6 68.Kc5  1-0

[Event "Bochum"]
[Site "Bochum"]
[Date "1981.??.??"]
[Round "?"]
[White "Schussler, Harry"]
[Black "Hermann, M."]
[Result "1/2-1/2"]
[WhiteElo "2445"]
[BlackElo "2390"]

1.d4 d5 2.Nf3 Nf6 3.c4 c6 4.e3 e6 5.Nc3 Nbd7 6.Bd3 dxc4 7.Bxc4 b5 8.Be2 Be7
9.O-O O-O 10.b3 Bb7 11.Bb2 a6 12.Ne5 c5 13.Bf3 Qb6 14.dxc5 Nxc5 15.b4 Na4
16.Nxa4 bxa4 17.Bxb7 Qxb7 18.Qxa4 Rfc8 19.a3 Bd6 20.Rfc1 Bxe5 21.Bxe5 Qb5
22.Qxb5 axb5 23.f3 Nd7 24.Bd4 e5 25.Bb2 f6 26.Rxc8+ Rxc8 27.Rc1 Rxc1+ 28.Bxc1 Nb6
29.e4 Kf7 30.Kf2 Ke6 31.Ke3 Na4 32.Kd3 Kd6 33.f4 Ke6 34.h3 Kd6 35.Be3 Nb2+
36.Kc3 Na4+ 37.Kc2 Ke6 38.g3 h5 39.Ba7 Kf7 40.Be3 Ke6 41.Ba7 g6 42.Bb8 Nb6
43.fxe5 fxe5 44.Kc3 g5  1/2-1/2

[Event "Budva zt"]
[Site "Budva"]
[Date "1981.??.??"]
[Round "3"]
[White "Tatai, Stefano"]
[Black "Fernandes, Antonio"]
[Result "1-0"]
[WhiteElo "2485"]
[BlackElo "2390"]

1.d4 Nf6 2.c4 e6 3.Nf3 d5 4.Nc3 c6 5.e3 Bd6 6.Bd3 O-O 7.O-O Nbd7 8.e4 dxe4
9.Nxe4 Nxe4 10.Bxe4 h6 11.Bc2 e5 12.Re1 exd4 13.Qxd4 Bc5 14.Qf4 Nf6 15.h3 Bb4
16.Rd1 Qe7 17.Be3 Nh5 18.Qd4 Be6 19.a3 Rad8 20.Qe5 Bd6 21.Qxh5 f5 22.Re1 c5
23.Bxh6  1-0

[Event "Caorle op"]
[Site "Caorle"]
[Date "1981.??.??"]
[Round "1"]
[White "Kindij, I."]
[Black "Coppini, Giorgio"]
[Result "0-1"]
[WhiteElo "2050"]
[BlackElo "2205"]

1.c4 c6 2.d4 d5 3.e3 Nf6 4.Nc3 e6 5.Nf3 Nbd7 6.Qc2 Bd6 7.a3 O-O 8.b4 Re8
9.Bb2 Qe7 10.Bd3 dxc4 11.Bxc4 a5 12.b5 c5 13.Ne4 Nxe4 14.Qxe4 e5 15.dxe5 Nxe5
16.Bd5 Qf6 17.Rd1 Bf5 18.Bxe5 Bxe5 19.Qc4 Rab8 20.Nxe5 Rxe5 21.O-O Qe7 22.Qc3 Bg4
23.Rd2 Qc7 24.b6 Qe7 25.Qxa5 Rh5 26.Qa4 Be6 27.Bf3 Rh4 28.Qa7 Qe8 29.Qa5 Qc8
30.Rfd1 h6 31.Rc1 Rc4 32.Rxc4 Bxc4 33.Rc2 Ra8 34.Qc3 Ra4 35.h3 Qe6 36.Rb2 Bd5
37.Bd1 Rc4 38.Qd2 Rh4 39.Bg4 f5 40.Bd1 Rxh3 41.gxh3 Qg6+ 42.Kf1 Qg2+ 43.Ke1 Qh1+
44.Ke2 Bf3+  0-1

[Event "Caorle op"]
[Site "Caorle"]
[Date "1981.??.??"]
[Round "3"]
[White "Konnenic, B."]
[Black "Kvist, A."]
[Result "0-1"]
[WhiteElo "2000"]
[BlackElo "2200"]

1.d4 d5 2.c4 c6 3.Nf3 Nf6 4.Nc3 e6 5.e3 Nbd7 6.Bd3 dxc4 7.Bxc4 b5 8.Bd3 a6
9.e4 c5 10.e5 cxd4 11.exf6 dxc3 12.Be4 Rb8 13.Bf4 cxb2 14.Bxb8 bxa1=Q 15.Qxa1 Nxf6
16.Bb1 Bb4+ 17.Ke2 Bb7 18.Bf4 Bxf3+ 19.gxf3 Nd5 20.Be5 f6 21.a3 Ba5  0-1

[Event "Politiken Cup"]
[Site "Copenhagen"]
[Date "1981.??.??"]
[Round "7"]
[White "Jakobsen, Ole"]
[Black "Velikov, Petar"]
[Result "0-1"]
[WhiteElo "2415"]
[BlackElo "2445"]

1.d4 d5 2.c4 c6 3.Nc3 Nf6 4.e3 e6 5.Nf3 Nbd7 6.Be2 Be7 7.O-O O-O 8.Qc2 b6
9.e4 dxe4 10.Nxe4 Bb7 11.Rd1 c5 12.Nxf6+ Bxf6 13.dxc5 bxc5 14.Bf4 Qc8 15.Ng5 Bxg5
16.Bxg5 Re8 17.Qc3 Nf8 18.Qg3 Be4 19.h4 e5 20.h5 Qe6 21.Qe3 Qc6 22.f3 Bf5
23.Rd5 Ne6 24.g4 Bc2 25.Rc1 Nd4 26.Qd2 h6 27.Be3 Bh7 28.Kf2 a5 29.b3 Qc7
30.Qb2 a4 31.b4 a3 32.Qd2 cxb4 33.Qxb4 Reb8 34.Rb5 Qd8 35.g5 hxg5 36.Rd1 g4
37.Bxd4 exd4 38.Rxb8 Rxb8 39.Qxa3 Qh4+ 40.Kg2 Qh3+ 41.Kg1 g3 42.Rxd4 Qh2+
43.Kf1 Qf2+  0-1

[Event "Czestochowa"]
[Site "Czestochowa"]
[Date "1981.??.??"]
[Round "2"]
[White "Kubik, Jan"]
[Black "Starck, Bodo"]
[Result "0-1"]
[WhiteElo "2290"]
[BlackElo "2300"]

1.c4 c6 2.Nf3 d5 3.e3 Nf6 4.Nc3 e6 5.d4 Nbd7 6.Bd3 Bd6 7.e4 dxe4 8.Nxe4 Nxe4
9.Bxe4 Nf6 10.Bc2 Qa5+ 11.Bd2 Qh5 12.Qe2 c5 13.dxc5 Qxc5 14.O-O-O Bd7 15.Be3 Qc7
16.Nd4 O-O 17.Kb1 Rac8 18.Bg5 Ne8 19.b3 a5 20.Rhe1 a4 21.Qd3 g6 22.Bh6 axb3
23.Nxb3 Ba4 24.Re4 Bc6 25.Rg4 Be5 26.Bxf8 Kxf8 27.g3 Bg7 28.c5 Bd5 29.Rb4 Ra8
30.f4 Kg8 31.Rd4 Bxd4 32.Qxd4 Ng7 33.g4 Qc6 34.Rc1 Qb5 35.Bd3 Qc6 36.Rc2 Ne8
37.h4 Nc7 38.Qe5 Nb5 39.Bxb5 Qxb5 40.Qc3 Qf1+ 41.Kb2 Qxf4  0-1

[Event "Czestochowa"]
[Site "Czestochowa"]
[Date "1981.??.??"]
[Round "3"]
[White "Starck, Bodo"]
[Black "Votruba, Pavel"]
[Result "1/2-1/2"]
[WhiteElo "2300"]
[BlackElo "2320"]

1.d4 d5 2.c4 e6 3.Nc3 c6 4.e3 Nf6 5.Nf3 Nbd7 6.Bd3 dxc4 7.Bxc4 b5 8.Bd3 a6
9.O-O c5 10.Qe2 Bb7 11.Rd1 b4 12.Na4 cxd4 13.exd4 Be7 14.Bf4 Qa5 15.Nc5 Nxc5
16.dxc5 Qxc5 17.Ne5 Nd5 18.Qh5 g6 19.Qf3 f6 20.Ng4 Qb6 21.Qg3 Nxf4 22.Qxf4 e5
23.Qh6 O-O-O 24.Qg7 Rhe8 25.Qxh7 e4 26.Be2 f5 27.Rac1+ Kb8 28.Ne5 Ka8 29.Qxg6 Qxg6
30.Nxg6 Bf6 31.b3 Bc3 32.Rxd8+ Rxd8 33.Rd1 Rxd1+ 34.Bxd1 Kb8 35.Ne7 f4 36.Nd5 Bd2
37.Nf6 Kc7 38.Kf1 Kd6 39.Ke2 Bc1 40.Bc2 Ke5 41.Nd7+ Kd6 42.Nf6 Ke5 43.Nd7+ Kd4
44.Nf6 f3+ 45.gxf3 exf3+ 46.Kd1 Bg5 47.Ne8 a5 48.Ng7 Kc3 49.Ne6 Bh6 50.Nc5 Bc6
51.Na4+ Kd4 52.Bf5 Bb5 53.Kc2  1/2-1/2

[Event "DDR-ch (Women)"]
[Site "Fuerstenwalde"]
[Date "1981.??.??"]
[Round "9"]
[White "Wolff, H."]
[Black "Jahn, Constanze"]
[Result "0-1"]
[WhiteElo "2000"]
[BlackElo "1930"]

1.d4 d5 2.c4 e6 3.Nf3 c6 4.e3 Nf6 5.Nc3 Be7 6.b3 O-O 7.Be2 b6 8.O-O Bb7 9.Bb2 dxc4
10.bxc4 c5 11.Qc2 Nc6 12.Rfd1 cxd4 13.exd4 Qb8 14.Ne4 Nxe4 15.Qxe4 Bf6 16.Qg4 Qc7
17.Bc1 Rfd8 18.Bg5 Qe7 19.d5 exd5 20.cxd5 Ne5 21.Bxf6 Qxf6 22.Qh5 Rxd5 23.Rxd5 Nxf3+
24.Bxf3 Bxd5 25.Rd1 Bxf3 26.gxf3 g6 27.Qd5 Re8 28.Qb7 Re7 29.Qd5 Re5 30.Qa8+ Kg7
31.Rd8 Qg5+ 32.Kf1 Qc1+ 33.Kg2 Rg5+ 34.Kh3 Qg1 35.Rg8+ Kh6  0-1

[Event "DDR-ch (Women)"]
[Site "Fuerstenwalde"]
[Date "1981.??.??"]
[Round "13"]
[White "Broeder, Iris"]
[Black "Jahn, Constanze"]
[Result "1/2-1/2"]
[WhiteElo "2025"]
[BlackElo "1930"]

1.d4 d5 2.c4 e6 3.Nf3 c6 4.e3 Nf6 5.Nc3 Be7 6.Qc2 O-O 7.b3 dxc4 8.Bxc4 c5
9.O-O a6 10.dxc5 Bxc5 11.Bb2 Nc6 12.Ng5 Nb4 13.Qb1 h6 14.Nce4 Nxe4 15.Nxe4 Be7
16.a3 Nc6 17.Qc2 Re8 18.Rfd1 Qc7 19.Rac1 b5 20.Be2 Bb7 21.Nc5 Bxc5 22.Qxc5 Qe7
23.b4 Qxc5 24.Rxc5 Red8 25.h4  1/2-1/2

[Event "Gausdal Int"]
[Site "Gausdal"]
[Date "1981.??.??"]
[Round "1"]
[White "Ogaard, Leif"]
[Black "Westerinen, Heikki MJ"]
[Result "0-1"]
[WhiteElo "2470"]
[BlackElo "2420"]

1.d4 d5 2.c4 c6 3.Nf3 Nf6 4.Nc3 e6 5.e3 Nbd7 6.Bd3 dxc4 7.Bxc4 b5 8.Bd3 a6
9.e4 c5 10.d5 c4 11.dxe6 fxe6 12.Bc2 Bb7 13.O-O Qc7 14.Qe2 O-O-O 15.e5 Nd5
16.a4 b4 17.Ne4 Nxe5 18.Nxe5 Qxe5 19.Qxc4+ Kb8 20.f4 Qh5 21.Ng5 Rc8 22.Qe4 Nf6
23.Qe5+ Ka8 24.Bd1 Ng4 25.Bxg4 Qxg4 26.Rf2 Qd1+ 27.Rf1 Bc5+ 28.Be3 Qd2 29.Bf2 Rhd8
30.h3 Bd4 31.Qxe6 Re8 32.Qg4 Re2 33.Nf3 Rxf2 34.Qxc8+ Bxc8 35.Nxd2 Rxd2+
36.Kh1 Bb7 37.Rfd1 Rxg2  0-1

[Event "Gausdal Int"]
[Site "Gausdal"]
[Date "1981.??.??"]
[Round "1"]
[White "Berg, Klaus"]
[Black "Ofstad, Per"]
[Result "1-0"]
[WhiteElo "2305"]
[BlackElo "2270"]

1.d4 d5 2.Nf3 Nf6 3.c4 c6 4.e3 e6 5.Nc3 Nbd7 6.Qc2 Be7 7.b3 O-O 8.Bb2 Re8
9.Bd3 Bd6 10.O-O h6 11.Rad1 e5 12.cxd5 cxd5 13.dxe5 Nxe5 14.Be2 Be6 15.Nb5 Rc8
16.Qd2 Nxf3+ 17.Bxf3 Bb8 18.g3 a6 19.Nd4 Bh3 20.Rfe1 Ne4 21.Qd3 Qf6 22.Rc1 Rxc1
23.Rxc1 Bg4 24.Qe2 h5 25.Kg2 Qg6 26.h3 Nxg3 27.fxg3 Bxh3+ 28.Kh1 Qxg3 29.Rg1 Qh4
30.Rxg7+ Kf8 31.Qd2 Bg4+ 32.Kg1 Qg3+ 33.Kf1 Bh3+ 34.Bg2 Bg4 35.Nf5  1-0

[Event "Gausdal Int"]
[Site "Gausdal"]
[Date "1981.??.??"]
[Round "2"]
[White "Sjoberg, Mats"]
[Black "Laird, Craig"]
[Result "1-0"]
[WhiteElo "2330"]
[BlackElo "2305"]

1.d4 Nf6 2.c4 c6 3.Nc3 d5 4.Nf3 e6 5.e3 Nbd7 6.Bd3 dxc4 7.Bxc4 b5 8.Bd3 Bb7
9.O-O b4 10.Na4 c5 11.dxc5 Qa5 12.a3 Bxc5 13.Nxc5 Nxc5 14.Bc2 bxa3 15.b4 Qxb4
16.Bxa3 Qc3 17.Qd6 Qxc2 18.Bxc5 Nd5 19.Rfc1 Qf5 20.Rxa7 Rd8 21.Rxb7 Rxd6
22.Bxd6 Kd8 23.Ne5  1-0

[Event "Gausdal Int"]
[Site "Gausdal"]
[Date "1981.??.??"]
[Round "5"]
[White "Lauvsnes, Arild"]
[Black "Patrick, DI."]
[Result "1-0"]
[WhiteElo "2200"]
[BlackElo "2275"]

1.c4 e6 2.Nc3 d5 3.d4 Nf6 4.Nf3 c6 5.e3 Nbd7 6.Bd3 dxc4 7.Bxc4 b5 8.Bd3 a6
9.e4 b4 10.Na4 c5 11.O-O Bb7 12.Re1 cxd4 13.e5 Bxf3 14.Qxf3 Nd5 15.Be4 Nc5
16.Nxc5 Bxc5 17.Bd2 Rc8 18.Bd3 Qb6 19.Re4 h5 20.Rc1 Rc7 21.Qe2 Ra7 22.h3 g6
23.Qd1 a5 24.Qa4+ Kf8 25.Bg5 Kg7 26.Rc4 Rc8 27.g3 Qb8 28.Qc2 Rac7 29.Qd2 a4
30.Rh4 Rh8 31.Be4 Be7 32.Bxd5 exd5 33.Rcxd4 Bxg5 34.Qxg5 Qd8 35.Qxd8 Rxd8
36.Rxb4 Rc2 37.Rhf4 Rd7 38.Rfd4 Re2 39.a3 Rxe5 40.Rxa4 Re2 41.b3 Kf6 42.Rd3 Rb2
43.Rad4 Ra7 44.b4 Ra2 45.Rf4+ Kg7 46.Rff3 d4 47.Rb3 Rc7 48.b5 g5 49.g4 Rc1+
50.Kg2 Raa1 51.Rfd3 hxg4 52.hxg4 Rcb1 53.b6 Rxb3 54.Rxb3 d3 55.b7 d2 56.b8=Q d1=Q
57.Qe5+ Kh7 58.Rh3+ Kg6 59.Qf5+ Kg7 60.Rh7+  1-0

[Event "Gausdal Int"]
[Site "Gausdal"]
[Date "1981.??.??"]
[Round "5"]
[White "Forintos, Gyozo V"]
[Black "Troeger, Paul"]
[Result "1/2-1/2"]
[WhiteElo "2465"]
[BlackElo "2330"]

1.d4 Nf6 2.c4 e6 3.Nc3 d5 4.Nf3 c6 5.e3 Nbd7 6.Qc2 Bd6 7.e4 dxe4 8.Nxe4 Nxe4
9.Qxe4 Bb4+ 10.Bd2 Bxd2+ 11.Nxd2 Qc7 12.Bd3 Nf6 13.Qe3 b6 14.O-O O-O 15.Rfe1 Bd7
16.Nf3 c5 17.Ne5 Rfd8 18.dxc5 Qxc5 19.Qh3 Be8 20.Re3 Rd4 21.Rae1 Rad8 22.a3 a5
23.Rf3 Kf8 24.Qg3 h6 25.h3 a4 26.Rfe3 Bc6  1/2-1/2

[Event "Bundesliga 8081"]
[Site "Germany"]
[Date "1981.??.??"]
[Round "?"]
[White "Kindermann, Stefan"]
[Black "Pokern, Norbert"]
[Result "1/2-1/2"]
[WhiteElo "2455"]
[BlackElo "2270"]

1.d4 d5 2.c4 c6 3.Nf3 Nf6 4.Nc3 e6 5.e3 Nbd7 6.Qc2 Bd6 7.e4 dxe4 8.Nxe4 Nxe4
9.Qxe4 e5 10.dxe5 Qe7 11.Bf4 Bb4+ 12.Nd2 Nc5 13.Qc2 g6 14.Bd3 Qd8 15.Be4 Qd4
16.f3 Nxe4  1/2-1/2

[Event "Bundesliga 8081"]
[Site "Germany"]
[Date "1981.??.??"]
[Round "?"]
[White "Cordes, Hans Joerg"]
[Black "Staller, Peter"]
[Result "1/2-1/2"]
[WhiteElo "2245"]
[BlackElo "2355"]

1.d4 d5 2.c4 c6 3.Nc3 Nf6 4.Nf3 e6 5.e3 Nbd7 6.Qc2 Bd6 7.b3 O-O 8.Bd3 Qe7
9.O-O Re8 10.e4 dxc4 11.Bxc4 e5 12.d5 cxd5 13.Bxd5 Nb6 14.Bg5 Bg4 15.Qd3 Rad8
16.Bxf6 Qxf6 17.Bxb7 Bxf3 18.Qxf3 Qxf3 19.gxf3 Re7 20.Ba6 Bb4 21.Rfd1 Red7
22.Rac1 g6 23.Rxd7 Rxd7 24.Nb1 Be7 25.Bb5 Bg5 26.Bxd7 Bxc1 27.Bb5 a5 28.Nc3 Kf8
29.Kg2 Ke7 30.Ne2 Bd2 31.Kg3 Kd6 32.Be8 Ke7 33.Bb5 Kd6 34.Be8  1/2-1/2

[Event "Bundesliga 8081"]
[Site "Germany"]
[Date "1981.??.??"]
[Round "?"]
[White "Saacke, Bernd"]
[Black "Teschner, Rudolf"]
[Result "1-0"]
[WhiteElo "2355"]
[BlackElo "2415"]

1.d4 d5 2.c4 c6 3.e3 Nf6 4.Nc3 e6 5.Nf3 Nbd7 6.Bd3 dxc4 7.Bxc4 b5 8.Bd3 a6
9.e4 c5 10.d5 c4 11.dxe6 fxe6 12.Bc2 Bb7 13.Ng5 Qe7 14.O-O g6 15.Qf3 O-O-O
16.Qh3 Re8 17.f4 Bg7 18.e5 Nd5 19.Nce4 h6 20.Nf7 Kb8 21.Nxh8 Rxh8 22.Nd6 g5
23.Nxb7 Kxb7 24.Be4 gxf4 25.Bxf4 Nc5 26.Qf3 Nxe4 27.Qxe4 Rc8 28.Rac1 Qc5+
29.Kh1 Qc6 30.Bg3 Rc7 31.a3 Nb4 32.Qg6 Nd3 33.Rc2 Nxe5 34.Bxe5 Bxe5 35.Re2 Bd4
36.Rxe6 Qd5 37.Rd6 Qe5 38.Re6 Qd5 39.Rf5 Qd8 40.Rf7 Bxb2 41.Qe4+ Ka7 42.Rxc7+ Qxc7
43.Re7  1-0

[Event "DSV-Turnier"]
[Site "Halle"]
[Date "1981.??.??"]
[Round "3"]
[White "Lechtynsky, Jiri"]
[Black "Malich, Burkhard"]
[Result "1/2-1/2"]
[WhiteElo "2455"]
[BlackElo "2470"]

1.Nf3 Nf6 2.d4 d5 3.c4 c6 4.Nc3 e6 5.e3 Nbd7 6.Bd3 Bd6 7.e4 dxe4 8.Nxe4 Nxe4
9.Bxe4 c5 10.O-O O-O 11.b3 cxd4 12.Qxd4 Be7 13.Bb2 Bf6 14.Qd2 Nc5 15.Bxf6 Qxd2
16.Nxd2 gxf6  1/2-1/2

[Event "DSV-Turnier"]
[Site "Halle"]
[Date "1981.??.??"]
[Round "5"]
[White "Adamski, Jan"]
[Black "Chekhov, Valery A"]
[Result "1/2-1/2"]
[WhiteElo "2430"]
[BlackElo "2435"]

1.c4 e6 2.d4 Nf6 3.Nf3 d5 4.e3 c6 5.Nc3 Nbd7 6.Qc2 Bd6 7.b3 O-O 8.Be2 dxc4
9.bxc4 e5 10.O-O Re8 11.Bb2 e4 12.Nd2 Qe7 13.Rfe1 Nf8 14.f3 exf3 15.Bxf3 Bd7
16.Rad1 Ne6 17.Nce4 Nxe4 18.Nxe4 f5 19.Ng3 Ng5  1/2-1/2

[Event "DSV-Turnier"]
[Site "Halle"]
[Date "1981.??.??"]
[Round "6"]
[White "Chekhov, Valery A"]
[Black "Alexandria, Nana"]
[Result "1/2-1/2"]
[WhiteElo "2435"]
[BlackElo "2295"]

1.d4 d5 2.c4 c6 3.Nf3 Nf6 4.Nc3 e6 5.e3 Nbd7 6.Bd3 dxc4 7.Bxc4 b5 8.Bd3 a6
9.e4 c5 10.d5 c4 11.dxe6 cxd3 12.exd7+ Qxd7 13.Ne5 Qe7 14.Bf4 Nxe4 15.O-O Nxc3
16.bxc3 Qb7 17.Re1 Be7 18.Qxd3 O-O 19.Nd7 Qxd7 20.Qxd7 Bxd7 21.Rxe7 Be6  1/2-1/2

[Event "Hamburg op"]
[Site "Hamburg"]
[Date "1981.??.??"]
[Round "3"]
[White "Schuh, Hubert"]
[Black "Spassov, Liuben"]
[Result "1/2-1/2"]
[WhiteElo "2275"]
[BlackElo "2460"]

1.d4 Nf6 2.Nf3 e6 3.c4 d5 4.Nc3 c6 5.e3 Nbd7 6.Qc2 Bd6 7.e4 dxe4 8.Nxe4 Nxe4
9.Qxe4 c5 10.dxc5 Bxc5 11.Be2 Bb4+ 12.Bd2 Bxd2+ 13.Nxd2 Qa5 14.Qc2 O-O 15.O-O Ne5
16.Rfd1 Bd7 17.Nf3 Bc6 18.Qd2 Qxd2 19.Rxd2 Bxf3 20.Bxf3 Nxf3+ 21.gxf3 f6
22.Rad1 Rae8 23.c5 Kf7 24.c6 bxc6 25.Rd6 Re7 26.Rxc6 Rb8 27.b3 Rb5 28.Rd4 Ra5
29.a4 Rb7 30.Rdc4 Rxb3 31.Rc7+ Kg6 32.Rg4+ Kf5  1/2-1/2